000 00480pab a2200157 454500
008 180718b2004 xxu||||| |||| 00| 0 eng d
100 _aDaley, Dorothy M.
245 _aPolicy implementation and the environmental protection agency: what factors influence remediation at superfund sites?
260 _c2004
300 _ap.375-392.
362 _aAug
650 _aEnvironmental conservation
700 _aLayton, David F.
773 _aPolicy Studies Journal
909 _a62210
999 _c62210
_d62210